লোডিং...

Government and business

গ্রন্থ-পঞ্জীর বিবরন
প্রধান লেখক: Bansal, C L
বিন্যাস: Printed Book
প্রকাশিত: Har - Anand Publications: New Delhi 1993
বিষয়গুলি:
LEADER 00509nam a2200193 4500
020 |a 8124100306  |c 295 
082 |a 380G BAN 
100 |a Bansal, C L 
245 |a Government and business  |c Bansal, C L 
250
260 |a Har - Anand Publications: New Delhi  |c 1993 
300 |a 362 p 
490
500
590
650 |a Business in government 
942 |c BK 
999 |c 134167  |d 134167 
952 |0 0  |1 0  |4 0  |6 380G_BAN  |7 0  |9 147627  |a IMK  |b IMK  |g 295.00  |l 0  |o 380G BAN  |p IMK01173  |r 2019-10-25  |w 2019-10-25  |y BK